مكتبة جامعة عجلون الوطنية

فهرس بحث المكتبة

Normal view MARC view
  • بدوي، بلال عبد المطلب

Entry Personal Name

Number of records used in: 1

001 - CONTROL NUMBER

  • control field: 32530

003 - CONTROL NUMBER IDENTIFIER

  • control field: JO-AjAnu

005 - DATE AND TIME OF LATEST TRANSACTION

  • control field: 20230606075451.0

008 - FIXED-LENGTH DATA ELEMENTS

  • fixed length control field: 230606|| aca||aabn | a|a d

040 ## - CATALOGING SOURCE

  • Original cataloging agency: JO-AjAnu
  • Transcribing agency: JO-AjAnu

100 ## - HEADING--PERSONAL NAME

  • Personal name: بدوي، بلال عبد المطلب

670 ## - SOURCE DATA FOUND

  • Source citation: Work cat.: (JO-AjAnu)16711: بدوي، بلال عبد المطلب , author, الالتزام بالافصاح عن المعلومات في سوق الاوراق المالية: دراسة مقارنة في القانونين المصري والاماراتي